Quizzes
Events
Quiz Creation
Community
Videos
Private Events
Remove Ads
Sign In
Join for FREE
Feedback
Dark Mode
Quiz Categories
Sports
Geography
Music
Movies
Television
Just For Fun
Miscellaneous
History
Literature
Language
Science
Gaming
Entertainment
Religion
Holiday
For Kids
Quiz Lab
Recent
Popular Today
Quiz Kudos Today
Editor Picks
Curator Picks
Quizzes by...
Day
Popularity
Type
Ratings
Length
Year
Community
Subscriptions
Recent Discussions
Orange Saloon
Badges
Playlists
Quests
Create
Leaderboards
Showdown
Live 5
Trivia Bingo
Activity
Puzzle Library
Sporcle Events
Private Events
Virtual Trivia
Globe League
Become a Host
Pub Owners
SporcleCon
Opinionation
Our Games
Videos
Blog
Mobile Apps
Partnerships
Remove Ads and Go Orange
Feedback
Gaming
Video Games
Board Games
Card Games
Pokémon
Mario
Nintendo
Minecraft
Console
Toys
Legend of Zelda
Gaming
Video Games
Board Games
Card Games
Pokémon
Mario
Nintendo
Minecraft
Console
Toys
Legend of Zelda
Random Quiz
Search Sporcle
×
Quiz Lab
Quiz Lab
Gaming
Nintendo
Type answers based on single images at one time
Type answers based on single images at one time
Slideshow
Best Score? Go Orange.
Nintendo 64 Games Stats
Name the games released for the Nintendo 64 by their pictures
By
patrickshawkins
10m
23 Questions
69 Plays
69 Plays
69 Plays
Comments
Comments
Give Quiz Kudos
Give Quiz Kudos
-
- Ratings
hide this ad
Replay
Link that replays current quiz
Next Quiz
Link to next quiz in quiz playlist
You Got
0%
They Got
Avg Score
68%
Avg Friend Score
Upgrade to see
Score Distribution
Jump to the score distribution portion of the page
Score
0/23
Timer
10:00
0
Plays Today
% Correct
Banjo-Kazooie
95.7%
The Legend of Zelda: Ocarina of Time
91.3%
Mario Kart 64
91.3%
Pokémon Stadium
91.3%
Super Mario 64
85.5%
Yoshi's Story
82.6%
GoldenEye 007
81.2%
Donkey Kong 64
78.3%
Excitebike 64
73.9%
F-Zero X
73.9%
Resident Evil 2
73.9%
Castlevania 64
72.5%
% Correct
Harvest Moon 64
72.5%
Wave Race 64
72.5%
Kirby 64: The Crystal Shards
68.1%
Jet Force Gemini
60.9%
Quake 64
59.4%
Turok: Dinosaur Hunter
59.4%
007: The World Is Not Enough
58%
Army Men: Sarge's Heroes
40.6%
NASCAR 2000
40.6%
Indy Racing 2000
21.7%
Off Road Challenge
21.7%
Quiz Playlist
Details
Report
Send in Message
Add To Playlist
Slideshow:
Type answers based on single images at one time
Last Updated: Apr 14, 2017
Quiz Scoreboard
CHALLENGE
Sign Up to Join the Scoreboard
Show All
Scores
Hide
Comments
May contain spoilers
Recently Published
One Thing in Common: World Cities II
by knightlancer
Geography
7m
Popular People in 1961
by mucciniale
History
6m
1-10 Letter E Words III
by El_Dandy
Language
2m
More to Explore
Quiz From the Vault
Featured Blog Post
Where Did the Easter Bunny Come From?
hide this ad
You Might Also Like...
Tags
Letter Quiz
Nintendo Quiz
Released
Today's Top Quizzes in Gaming
Browse Gaming
hide this ad
Today's Top Quizzes in Nintendo
Browse Nintendo
Top Contributed Quizzes in Gaming
1
Destiny 2 exotic weapons by perk icons
2
Who's on the WWE 2K24 Cover?
3
Windmill: Pokémon
4
Overwatch 2 Heroes by Selection Quote
5
Genshin murder mystery
6
Overwatch 2: Ultimate Ability Icons
7
Franchise by Action Figure
8
Legendary or Exotic?
9
Genshin Impact Logic Puzzle
10
Genshin Impact Logic Puzzle Quiz
Explore More
Trending Topics
Crossword
Anime
Kpop
Marvel
NBA
Harry Potter
Disney
Pokémon
Soccer
The Office
NFL
WWE
Puzzle
Country
Song
hide this ad
More By:
patrickshawkins
Quiz
Plays
Rating
Category
Featured
Created
SPORCLE Pokémon
18,423
4.79
Gaming
Apr 23, 2017
Pokémon Dual Type Combinations
2,514
4.29
Gaming
Jul 18, 2016
List of Power Rangers
2,334
5.00
Television
Jan 19, 2017
Power Rangers Villains
1,374
Television
Mar 10, 2017
Pokémon Move Endings
1,110
3.00
Gaming
May 12, 2016
Go to Creator's Profile
Score Distribution
Quiz Creator Spotlight
patrickshawkins
Follow
Send a Message
Quizzes Created
-
Created Quiz Play Count
-
More By This Creator
Popular Quizzes Today
1
Find the US States - No Outlines Minefield
2
Find the Countries of Europe - No Outlines Minefield
3
The Countries of the World
4
Popular People in 1961
5
1-10 Letter E Words III
6
Find the US States
7
One Thing in Common: World Cities II
8
US States
More Gaming Quizzes
SNES Controller
Editor's Pick
Trending Quizzes
Risky Map Clicking: Least Populous States A-Z
1-10 Letter F Words
1-10 Letter G Words
One Thing in Common: United Kingdom
Risky Map Clicking: Biggest States A-Z
Recently Updated
Leaping Animals
pecheneg
Reality TV Shows (A-Z)
bhenderson79
Rickey Henderson's Hall of Fame Teammates
pecheneg
Champions League XIs: Arsenal
pecheneg
Quick Pick: Celebrities in WWE's Hall of Fame
aduchscher
A-Z Keypad Blitz II
pecheneg
Multiple Oscar Actors
pecheneg
Mystery Phrase Blitz: Oscar 'Best Actors'
pecheneg
F. Scott Fitzgerald Novels
LTH
Pick 3 Villains
ddd62291
Trending Topics
Kpop
Marvel
Crossword
Anime
Disney
Harry Potter
NBA
Puzzle
Soccer
Country
Pokémon
NFL
Song
WWE
The Office
Your Account Isn't Verified!
In order to create a playlist on Sporcle, you need to verify the email address you used during registration. Go to your
Sporcle Settings
to finish the process.
Report this User
Report this user for behavior that violates our
Community Guidelines
.
Details:
Send Report
Go to the Sporcle.com Mobile Site →
Comments